Promiscuidad : una historia evolucionista de la competencia entre espermatozoides /
保存先:
| 第一著者: | |
|---|---|
| その他の著者: | |
| フォーマット: | 図書 |
| 言語: | スペイン語 |
| 出版事項: |
Pamplona, España :
Laetoli,
2007, c2007
|
| 主題: | |
| タグ: |
タグなし, このレコードへの初めてのタグを付けませんか!
|
MARC
| LEADER | 00000nam^a2200000^a^4500 | ||
|---|---|---|---|
| 001 | 000303760 | ||
| 005 | 20250521000000.0 | ||
| 008 | 100920 20072007 | ||
| 009 | 20260310112658.35 | ||
| 020 | |a 978-84-935661-5-9 | ||
| 037 | |a Acervo ITESO - Biblioteca | ||
| 041 | |a ESP | ||
| 082 | |a 574. 166 |b BIR | ||
| 100 | |a Birkhead, Tim |e (autor) | ||
| 245 | 1 | 0 | |a Promiscuidad : |b una historia evolucionista de la competencia entre espermatozoides / |c T. Birkhead ; tr. por J. Ros. |
| 264 | 4 | |a Pamplona, España : |b Laetoli, |c 2007, c2007 | |
| 300 | |a 316 p. | ||
| 336 | |a texto |b txt |2 rdacontenido | ||
| 337 | |a sin mediación |b n |2 rdamedio | ||
| 338 | |a volumen |b nc |2 rdasoporte | ||
| 500 | |a Traducción de: Promiscuity: An Evolutionary History of Sperm Competition | ||
| 649 | |a XX | ||
| 650 | |a Espermatozoide | ||
| 650 | |a Reproducción (Biología) - |x Tema Principal | ||
| 650 | |a Selección Natural - |x Tema Principal | ||
| 650 | |a Evolución | ||
| 650 | |a Biología | ||
| 650 | |a Ciencias Naturales | ||
| 700 | |a Ros, Joandomènec |e (traducción) | ||
| 910 | |a Fondo General | ||
| 920 | |a Impresos - Libros | ||
| 930 | |a Colección General | ||
| 905 | |a 101 | ||
| 901 | |a 0500190389 |b IT1 |c ACC |i C120434 |u 20250521 | ||
| 902 | |a https://opac.biblio.iteso.mx/vufind/Record/000303760 | ||